| 000 | 01357nam a2200337 i 4500 | ||
|---|---|---|---|
| 001 | 000038557 | ||
| 003 | DO-SdBNP | ||
| 005 | 20260317133117.0 | ||
| 007 | ta | ||
| 008 | 100205s2018 dr a 000 0 spa d | ||
| 020 | _a25180444 | ||
| 040 |
_aDO-SdBNP _bspa _cBNPHU _erda |
||
| 041 | _aspa | ||
| 082 | 4 |
_a317.293 _bR426e 2017 _222 |
|
| 110 | 1 |
_aRepública Dominicana _bSecretaría de Estado de Economía, Planificación y Desarrollo _bOficina Nacional de Estadística _934693 |
|
| 245 | 1 | 0 |
_aEncuesta Nacional de hogares de propósitos múltiples (ENHOGAR 2017) : _binforme general |
| 264 | 1 |
_aSanto Domingo : _bONE, _c2018. |
|
| 300 |
_a197 páginas : _bilustraciones ; _c28 cm. |
||
| 336 |
_atexto _btxt _2rdacontent |
||
| 337 |
_asin mediación _bn _2rdamedia |
||
| 338 |
_avolumen _bnc _2rdacarrier |
||
| 590 | _aInventariado, 2022/DG | ||
| 650 | 4 |
_aEconomía doméstica _vEncuestas _zRepública Dominicana _957325 |
|
| 650 | 7 |
_aMercado de trabajo _vEncuestas _zRepública Dominicana _2LIBRUNAM _919058 |
|
| 650 | 4 |
_aIncapacitados físicamente _xRepública Dominicana _957326 |
|
| 650 | 4 |
_aSeguridad social _zRepública Dominicana _xEstadísticas _y2017 _957327 |
|
| 650 | 4 |
_aMortalidad _zRepública Dominicana _xEstadísticas _y2017 _957328 |
|
| 710 | 1 |
_aRepública Dominicana. _bOficina Nacional de Estadística _95775 |
|
| 910 | _aDG | ||
| 942 |
_2ddc _cLBS1 |
||
| 999 |
_c52049 _d52049 |
||